| 000 | 00872nam a22002537a 4500 | ||
|---|---|---|---|
| 005 | 20170123162336.0 | ||
| 010 | _aA-791283 | ||
| 020 | _c100.00 | ||
| 035 | _aA-791283 | ||
| 037 | _bCen Lib/Ret | ||
| 040 |
_aDPL _bUR |
||
| 082 |
_a841.08 _b گ ل ا |
||
| 100 |
_aگلاٹی، آزاد _9124608 |
||
| 245 |
_aاظھار : _cآزاد گلاٹی _bتنقیدی مضامین / |
||
| 246 |
_aIzhar : tanqidi mazameen / _bby Azad Gulati |
||
| 260 |
_aنیی دہلی _bموڈرن پبلشنگ ہاؤس _c1996 |
||
| 270 |
_bنیی دہلی _a٩، گولہ مارکیٹ دریاگنج _e110002 |
||
| 300 |
_a136p. _c21cm(Hb) |
||
| 650 |
_a ادب - اردو _9124609 |
||
| 650 |
_a اردو نظم - تنقید _9663 |
||
| 650 |
_aLiterature -- Urdu _9124610 |
||
| 650 |
_aUrdu Poem -- Criticism _9124611 |
||
| 942 |
_2ddc _cUR _h841.08 _m گ ل ا |
||
| 999 |
_c108196 _d108196 |
||